Súkromnoprávna autonómia a jej limity

Vymedzenie pojmov privátna autonómia, súkromnoprávna autonómia a individuálna autonómia. Národný rozmer privátnej autonómie. Od formálneho k materiálnemu vnímaniu slobody.

Salvato in:
Dettagli Bibliografici
Autore principale: Dulak, Anton
Natura: Capitolo di libro
Lingua:slovacco
Soggetti:
Tags: Aggiungi Tag
Nessun Tag, puoi essere il primo ad aggiungerne!!

MARC

LEADER 00000naa a2200000 4500
001 0240830
005 20180305064854.4
041 0 |a slo 
044 |a SK 
245 1 0 |a Súkromnoprávna autonómia a jej limity  |c Anton Dulak 
520 |a Vymedzenie pojmov privátna autonómia, súkromnoprávna autonómia a individuálna autonómia. Národný rozmer privátnej autonómie. Od formálneho k materiálnemu vnímaniu slobody. 
610 2 0 |a autonómia 
610 2 0 |a pojmy 
610 2 0 |a právo súkromné 
610 2 0 |a právo súkromné medzinárodné 
610 2 0 |a história 
610 2 0 |a sloboda 
100 1 |a Dulak, Anton